Statistics for Thuringia State Quiz

Click here to take the quiz!

General Stats

  • This quiz has been taken 136 times
  • The average score is 10 of 13

Answer Stats

HintAnswer% Correct
16th century religious reformer born in EislebenMartin Luther
97%
Historical center of culture and namesake of the 1918-1933 German republic (begins with W)Weimar
96%
What did the person mentioned above translate at Wartburg castle?Bible
92%
Thuringia doesn't have an international border, but which foreign country is only a few kilometers away?Czech Republic
92%
Capital and largest cityErfurt
90%
The tactical maneuvers of this right-wing party caused a political crisis in 2019AfD
82%
Poet pals ("Faust"/"Wilhelm Tell") honored with a double statue in WJohann Wolfgang von Goethe
82%
Walter Gropius founded this art school in W. It literally means "building house".Bauhaus
81%
Friedrich Schiller
71%
Jena-based company known for various optical productsZeiss
63%
Which Holy Roman emperor is said to sleep with his knights somewhere in the Kyffhäuser moutains?Frederick Barbarossa
59%
Largest concentration camp during the Nazi ruleBuchenwald
50%
Native Hungarian princess and Catholic saint known for her charitable workElizabeth of Hungary
26%

Score Distribution

Percentile by Number Answered

Percent of People with Each Score

Your Score History

You have not taken this quiz